000 00809nam a2200205Ia 4500
008 0000001975 usa 0000000000eng00
090 _aPUS00 A73d
100 1 _aAshbaugh, Dennis
_d1946
245 1 0 _aDennis Ashbaugh
_c/ photograph by Linda Cathcart
300 _a1 plegable [4] p.
_c/ 18 cm.
500 _aExposición realizada en Whitney Museum of American Art, New York, Octubre 9 Noviembre 9, 1975 \ Con el patronazgo de la empresa colombiana PLARESA
600 0 0 _aASHBAUGH, DENNIS, 1946/
_xTRABAJOS PICTORICOS
650 1 4 _aARTE CONTEMPORANEO ESTADOUNIDENSE
650 1 4 _xCATALOGOS
650 1 4 _xEXPOSICIONES
650 1 4 _aPINTORES ESTADOUNIDENSES
650 1 4 _aPINTURA ESTADOUNIDENSE
700 1 _aCathcart, Linda
999 _c7560
_d7560
260 _aNew York : Whitney Museum of American Art
_c1975